Sanat - "Pahanilmanlinnut" - Paula Vesala - Statistics

Yleistilastot
  • Tätä visaa on pelattu 94 kertaa
    93 viimeisimmän päivityksen jälkeen
  • Keskiarvotulos 164 / 225
Vastaustilastot
Vastaus % Oikein
ku
100%
ei
96%
Hei
96%
hei
96%
96%
jos
92%
luulet
92%
mitä
92%
on
92%
pahanilmanlinnut
92%
ihan
88%
kuin
88%
mene
88%
mut
88%
vaan
88%
vähän
88%
kun
84%
ne
84%
nyt
84%
puhaltaa
84%
se
84%
tuulet
84%
uudet
84%
kuulet
80%
mukanaan
80%
sul
80%
sun
80%
täällä
80%
tuokin
80%
auta
76%
76%
mikä
76%
onnee
76%
Popedakaan
76%
tuun
76%
yössä
76%
ja
72%
kämppää
72%
mikään
72%
sulle
72%
voi
72%
huolet
68%
kädestä
68%
kii
68%
oon
68%
siivoomaan
68%
sillon
68%
sukulaisii
68%
suuret
68%
ystävii
68%
antaa
64%
että
64%
hengis
64%
ikinä
64%
nii
64%
ota
64%
Sit
64%
tiedän
64%
voimiaan
64%
juttuja
60%
mun
60%
beibi
56%
nukkua
56%
vaikee
56%
kertoo
52%
nukahtaa
52%
Sitte
52%
väsyneitä
52%
voin
52%
voit
52%
jotai
48%
kesken
48%
aina
44%
lausetta
44%
mutta
44%
oma
44%
sua
44%
kontata
40%
olla
40%
sattu
40%
taksi
40%
tiiän
40%
jeesata
36%
mul
36%
polvet
36%
ruvel
36%
anna
32%
hiljaa
32%
lauletaan
32%
sadetakki
32%
sattuu
32%
välil
32%
elämä
28%
katsomaan
28%
kyl
28%
mennään
28%
muiden
28%
nauramaan
28%
taivu
28%
vielä
28%
maisemaa
24%
Menneet
24%
nopeeta
24%
haudataan
20%
muuta
20%
Ehtoja vastaavia visoja ei löytynyt
Tulosjakauma
Jokaisen tuloksen saaneiden osuus
Persentiili vastausten määrän mukaan
Tuloshistoriasi
Et ole pelannut tätä visaa sen viimeisimmän päivityksen jälkeen